| Tag |
First Indicator |
Second Indicator |
Subfields |
| LEADER |
00000cam a22000008a 4500 |
| 001 |
in00000089065 |
| 005 |
20151008065252.0 |
| 008 |
810825s1982 ilu 00110 eng |
| 010 |
|
|
|a 81014429
|
| 020 |
|
|
|a 0673154467 (pbk.) :
|c $7.95
|
| 035 |
|
|
|a (OCoLC)07774717
|
| 035 |
|
|
|9 AAK5657AM
|
| 039 |
0 |
|
|a 2
|b 3
|c 3
|d 3
|e 3
|
| 040 |
|
|
|a DLC
|c DLC
|d TXA
|d UtOrBLW
|
| 049 |
|
|
|a [Curr Col] TXAM
|c [933378]
|
| 050 |
0 |
0 |
|a PE1408
|b .B465
|
| 082 |
0 |
|
|a 808/.042
|2 19
|
| 100 |
1 |
|
|a Beale, Walter H.
|
| 245 |
1 |
0 |
|a Real writing :
|b argumentation, reflection, information /
|c Walter H. Beale.
|
| 263 |
|
|
|a 8112
|
| 264 |
|
1 |
|a Glenview, Ill. :
|b Scott, Foresman,
|c [1982]
|
| 264 |
|
4 |
|c ©1982
|
| 300 |
|
|
|a 340 pages ;
|c 23 cm.
|
| 336 |
|
|
|a text
|b txt
|2 rdacontent
|
| 337 |
|
|
|a unmediated
|b n
|2 rdamedia
|
| 338 |
|
|
|a volume
|b nc
|2 rdacarrier
|
| 500 |
|
|
|a Includes index.
|
| 650 |
|
0 |
|a English language
|x Rhetoric.
|
| 999 |
|
|
|a MARS
|
| 999 |
f |
f |
|s d885b05c-8575-39c2-a938-11bcfed44142
|i 323b3226-fa34-3bb2-b761-d960b5d89950
|t 0
|
| 952 |
f |
f |
|p ric
|a Texas A&M University
|b Rellis Campus
|c Joint Library Facility
|d Remote Storage
|t 0
|e PE1408 .B465
|h Library of Congress classification
|i unmediated -- volume
|m A14806054737
|
| 998 |
f |
f |
|a PE1408 .B465
|t 0
|l Remote Storage
|